Quizzes
Events
Quiz Creation
Community
Videos
Private Events
Remove Ads
Sign In
Join for FREE
Feedback
Dark Mode
Quiz Categories
Sports
Geography
Music
Movies
Television
Just For Fun
Miscellaneous
History
Literature
Language
Science
Gaming
Entertainment
Religion
Holiday
For Kids
Quiz Lab
Recent
Popular Today
Quiz Kudos Today
Editor Picks
Curator Picks
Quizzes by...
Day
Popularity
Type
Ratings
Length
Year
Community
Subscriptions
Recent Discussions
Orange Saloon
Badges
Playlists
Quests
Create
Leaderboards
Showdown
Live 5
Trivia Bingo
Activity
Puzzle Library
Sporcle Events
Private Events
Virtual Trivia
Globe League
Become a Host
Pub Owners
SporcleCon
Opinionation
Our Games
Videos
Blog
Mobile Apps
Partnerships
Remove Ads and Go Orange
Feedback
Music
Pop Music
The Beatles
Song
Album
Lyrics
Bands
Singers
Artist
Clip
Rock
Rap
Classical
Billboard
Country Music
Kpop
Taylor Swift
Music
Pop Music
The Beatles
Song
Album
Lyrics
Bands
Singers
Artist
Clip
Rock
Rap
Classical
Billboard
Country Music
Kpop
Taylor Swift
Random Quiz
Search Sporcle
×
Quiz Lab
Quiz Lab
Music
Rock
Type in answers that appear in a list
Type in answers that appear in a list
Classic
Best Score? Go Orange.
Identify the rock song by first line Stats
Can you name the Identify the rock song by first line?
By
xgreendayxlove
5m
15 Questions
440 Plays
440 Plays
440 Plays
Comments
Comments
Give Quiz Kudos
Give Quiz Kudos
-
- Ratings
hide this ad
Replay
Link that replays current quiz
Next Quiz
Link to next quiz in quiz playlist
You Got
0%
They Got
Avg Score
56%
Avg Friend Score
Upgrade to see
Score Distribution
Jump to the score distribution portion of the page
Score
0/15
Timer
05:00
0
Plays Today
Lyrics
Song
% Correct
Is this the real life? is this just fantasy?
Bohemian Rhapsody
91.6%
Just a small town girl livin' in a lonely world
Don't Stop Believin'
88.9%
_
_
_
_
_
there's no heaven it's easy if you try
Imagine
82.3%
I walk a lonely road the only one that I have ever known
Boulevard of Broken Dreams
79.5%
People try to put us d-
down just because we get around
My Generation
70.7%
Load up on guns, bring your friends. It's fun to lose and to pretend
Smells like Teen Spirit
70%
_
_
_
_
_
_
in my skin, these wounds they will not heal
Crawling
46.1%
_
_
_
_
_
_
_
_
addicted to the shindig, chop top he says 'I'm gonna win big'
Can't Stop
43.6%
Lyrics
Song
% Correct
When I was a young boy my father took me into the city
Welcome to the Black Parade
40.9%
Weep for yourself my man you'll never be what is in your heart
Little Lion Man
37.3%
Something takes a part of me, something lost and never seen
Freak on a Leash
37%
Hey girl, you know you drive me crazy one look puts the rhythm in my hand.
Face Down
13.4%
I don't remember the moment I tried to forget I lost myself, is it better not said I'm _
_
_
_
_
_
_
_
_
_
_
_
_
_
_
_
_
_
Closer to the Edge
12.5%
_
_
_
_
_
_
_
_
_
_
_
_
not a lot of people left around
Shake Me Down
12.3%
Your dream vacation, smile hostage refuge
Pretty Handsome Awkward
4.3%
Quiz Playlist
Details
Report
Send in Message
Add To Playlist
Classic:
Type in answers that appear in a list
Last Updated: Feb 16, 2017
Quiz Scoreboard
CHALLENGE
Sign Up to Join the Scoreboard
Show All
Scores
Hide
Comments
May contain spoilers
Recently Published
9x9 Crossword: Cartoon Network
by jackfrog10
Miscellaneous
3m
College Basketball Coaching Resumes
by pancakes188
Sports
9m
Billboard Blitz: Fleetwood Mac
by CooCooCachoo
Music
15s
More to Explore
Quiz From the Vault
Featured Blog Post
Where Did the Easter Bunny Come From?
hide this ad
You Might Also Like...
Tags
Rock Quiz
first
Identify
Rock Songs
Today's Top Quizzes in Music
Browse Music
hide this ad
Today's Top Quizzes in Rock
Browse Rock
Top Contributed Quizzes in Music
1
Taylor Swift All Songs (2024)
2
Guess the Artist- 70s Songs
3
7-to-1: Billboard Hot 100 #1 Hits of 2010s
4
Sorting Albums and Songs
5
Taylor Swift Logic Puzzle
6
KPOP LOGIC QUIZ
7
Guess the Taylor Swift song (Mystery Song)
8
Guess The Taylor Swift Lyrics Song #1
9
Billboard Blitz: ABBA
10
One Thing in Common: Music
Explore More
Trending Topics
NBA
Crossword
Marvel
Anime
Kpop
Disney
Harry Potter
WWE
Country
Puzzle
Pokémon
Soccer
The Office
NFL
Song
hide this ad
More By:
xgreendayxlove
Quiz
Plays
Rating
Category
Featured
Created
My Chemical Romance random knowledge
1,411
4.00
Music
Apr 23, 2011
Blink 182 songs (oldies and newbies!)
631
5.00
Music
Jan 6, 2012
Identify the rock song by first line
440
3.00
Music
Apr 25, 2011
Blink Guess the Song
137
2.33
Music
Jan 21, 2012
What is the Green Day song 1
136
5.00
Music
Apr 25, 2011
Go to Creator's Profile
Score Distribution
Quiz Creator Spotlight
xgreendayxlove
Follow
Send a Message
Quizzes Created
-
Created Quiz Play Count
-
More By This Creator
Popular Quizzes Today
1
Find the US States - No Outlines Minefield
2
Find the Countries of Europe - No Outlines Minefield
3
The Countries of the World
4
Find the US States
5
Risky Map Clicking: Biggest States A-Z
6
US States
7
Popular People in 1961
8
Movies - When Are They Set?
More Music Quizzes
Figure Out the Lyrics - Taylor Swift XIX
Quiz Lab
Trending Quizzes
Risky Map Clicking: Least Populous States A-Z
1-10 Letter G Words
1-10 Letter F Words
Risky Map Clicking: Next State Alphabetically
Adjectives in 80s TV Shows
Recently Updated
Leaping Animals
pecheneg
Reality TV Shows (A-Z)
bhenderson79
Rickey Henderson's Hall of Fame Teammates
pecheneg
Champions League XIs: Arsenal
pecheneg
Quick Pick: Celebrities in WWE's Hall of Fame
aduchscher
A-Z Keypad Blitz II
pecheneg
Multiple Oscar Actors
pecheneg
Mystery Phrase Blitz: Oscar 'Best Actors'
pecheneg
F. Scott Fitzgerald Novels
LTH
Pick 3 Villains
ddd62291
Trending Topics
Kpop
NBA
Marvel
Harry Potter
Disney
Anime
Crossword
Puzzle
Pokémon
Country
WWE
NFL
Song
The Office
Soccer
Your Account Isn't Verified!
In order to create a playlist on Sporcle, you need to verify the email address you used during registration. Go to your
Sporcle Settings
to finish the process.
Report this User
Report this user for behavior that violates our
Community Guidelines
.
Details:
Send Report
Go to the Sporcle.com Mobile Site →
Comments